Aparatos geodésicos

Kaydedildi:
Detaylı Bibliyografya
Materyal Türü: Kitap
Dil:Spanish
Etiketler: Etiketle
Etiket eklenmemiş, İlk siz ekleyin!

MARC

LEADER 00000nam a2200000Ia 4500
003 001773
005 20221231144011.0
008 140114s a 000 ||spa d
040 |c cru CEDI 
082 |a 526.1 A639a 
245 |a Aparatos geodésicos 
300 |a 107 páginas ; ilustraciones 
942 |2 ddc  |c BK 
999 |c 15423  |d 15423